| 000 | 00427nam a2200181Ia 4500 | ||
|---|---|---|---|
| 005 | 20241120023308.0 | ||
| 008 | 240331s9999 xx 000 0 und d | ||
| 020 | _a0415065348 | ||
| 082 |
_bLEI _a899 |
||
| 100 | _aLeick, G | ||
| 245 | 0 | _aSex and eroticism in mesopotamian literature | |
| 260 |
_aLondon _bRoutledge _c1994 |
||
| 300 | _aXVI, 320 P ., | ||
| 650 | _aWomen | ||
| 650 | _aSex | ||
| 650 | _aRituals | ||
| 942 | _cL | ||
| 999 |
_c3378 _d3378 |
||